Guerra del Paraguay. Memoria Militar sobre el estado de la guerra con el Paraguay en 1867, y sobre los planes de campaña y operaciones a ejecutar demostrando la probabilidad de forzar el Paso de Humaitá con los documentos comprobantes. Por Bartolomé Mitre. Director de la guerra y General en Jefe de los ejércitos aliados

Guardat en:
Dades bibliogràfiques
Autor principal: Mitre, Bartolomé (autor)
Format: Llibre
Idioma:portuguès
espanyol
Publicat: Buenos Aires Imprenta de La Nación 1903
Edició:1a. ed
Matèries:
Etiquetes: Afegir etiqueta
Sense etiquetes, Sigues el primer a etiquetar aquest registre!

MARC

LEADER 00000nam a2200000 a 4500
001 UCJ6106
003 CL-VaPUC
008 070124e19030000AG |||||||||||||||||por|d
041 0 7 |a por  |2 CL-VaPUC 
041 0 7 |a spa  |2 CL-VaPUC 
082 0 4 |a 982  |b MIT  |2 21 
100 |a Mitre, Bartolomé  |e autor  |9 315189 
245 1 0 |a Guerra del Paraguay. Memoria Militar sobre el estado de la guerra con el Paraguay en 1867, y sobre los planes de campaña y operaciones a ejecutar demostrando la probabilidad de forzar el Paso de Humaitá con los documentos comprobantes. Por Bartolomé Mitre. Director de la guerra y General en Jefe de los ejércitos aliados 
250 |a 1a. ed 
300 |a vi, 183 p 
942 |c BK 
945 |d 20070124 00:00:00  |a rinostro 
260 |a Buenos Aires  |b Imprenta de La Nación  |c 1903 
500 |a Un mapa, plegado, al final 
650 7 |a GUERRA DEL PARAGUAY  |2 CL-VaPUC  |9 446279 
650 0 |a Operaciones militares  |9 372045 
650 7 |a DOCUMENTOS  |2 CL-VaPUC  |9 366450 
650 0 |a Mapas  |9 260844 
651 0 |a Argentina  |9 254888 
651 0 |a Brasil  |9 267393 
651 0 |a Uruguay  |9 255194 
651 0 |a Paraguay  |9 255336 
583 |a last modification  |c 20070124 00:00:00  |k Rodrigo Vera 
999 |c 322214  |d 322212 
952 |0 0  |1 0  |4 0  |6 982_000000000000000_MIT_1903  |7 0  |8 X  |9 401147  |a FDOBUD  |b FDOBUD  |d 2019-11-22  |i 1043757  |o 982 MIT 1903  |p 1043757  |r 2019-11-22  |w 2019-11-22  |y BK_X  |k BUD